NetWare 386 user's guide
Αποθηκεύτηκε σε:
| Κύριος συγγραφέας: | |
|---|---|
| Μορφή: | Βιβλίο |
| Γλώσσα: | English |
| Δημοσίευση: |
Redwood City, CA :
M&T Books,
1990.
|
| Θέματα: | |
| Ετικέτες: |
Προσθήκη ετικέτας
Δεν υπάρχουν, Καταχωρήστε ετικέτα πρώτοι!
|
MARC
| LEADER | 00000cam a2200000 i 4500 | ||
|---|---|---|---|
| 001 | 1/40431 | ||
| 008 | 971114s1990 cau| ||| |||| ||eng|| | ||
| 020 | |a 1558511016 | ||
| 035 | |l 10041254 | ||
| 035 | |a 1997 |c ΔΩΡΕΑ ΤΖΑΦΕΡΗ | ||
| 040 | |a GR-MyUa |b gre |e AACR2 | ||
| 041 | 0 | |a eng | |
| 082 | 7 | |a 005.71369 |2 (22) | |
| 100 | 1 | |a Milligan, Christine. | |
| 245 | 1 | 0 | |a NetWare 386 user's guide / |c by Christine Milligan. |
| 260 | |a Redwood City, CA : |b M&T Books, |c 1990. | ||
| 300 | |a 441 σ. ; |c 24 εκ. | ||
| 500 | |a Περιλαμβάνει ευρετήριο. | ||
| 630 | 0 | 0 | |a NetWare. |
| 852 | |a INST |b SAMOS |e 19971114 |h 005.71369 MIL |p 005300008507 |q 005300008507 |t BK |y 0 | ||
| 901 | |a BIBL-1997-2 | ||